Detalles MARC
| 000 -LEADER |
| fixed length control field |
02455nam a2200289Ia 4500 |
| 003 - CONTROL NUMBER IDENTIFIER |
| control field |
OSt |
| 005 - DATE AND TIME OF LATEST TRANSACTION |
| control field |
20210427114453.0 |
| 008 - FIXED-LENGTH DATA ELEMENTS--GENERAL INFORMATION |
| fixed length control field |
210310s1963 mx 100 0 spa d |
| 040 ## - CATALOGING SOURCE |
| Original cataloging agency |
CO-JMCR |
| Transcribing agency |
CO-JMCR |
| 041 0# - LANGUAGE CODE |
| Language code of text/sound track or separate title |
spa |
| 082 04 - DEWEY DECIMAL CLASSIFICATION NUMBER |
| Classification number |
336.02 / |
| Item number |
C748i |
| Edition number |
23 |
| 111 2# - MAIN ENTRY--MEETING NAME |
| Meeting name or jurisdiction name as entry element |
Conferencia de la Asociación Internacional para la Investigación del Ingreso y la Riqueza |
| Date of meeting or treaty signing |
(1959 : |
| Location of meeting |
Río de Janeiro) |
| 9 (RLIN) |
37184 |
| 245 13 - TITLE STATEMENT |
| Title |
El ingreso y la riqueza : |
| Remainder of title |
trabajos presentados en la Conferencia de la Asociación Internacional para la Investigación del Ingreso y la Riqueza celebrada en Río de Janeiro de 1959 / |
| Statement of responsibility, etc. |
Simon Kuznets ; Carleen O'Loughlin ; D. H. Steinthorsen [y otros 12] |
| 250 ## - EDITION STATEMENT |
| Edition statement |
Primera edición |
| 260 ## - PUBLICATION, DISTRIBUTION, ETC. |
| Place of publication, distribution, etc. |
México : |
| Name of publisher, distributor, etc. |
Fondo de Cultura Económica, |
| Date of publication, distribution, etc. |
1963 |
| 300 ## - PHYSICAL DESCRIPTION |
| Other physical details |
12 páginas plegables sin numerar, 403 páginas ; |
| Dimensions |
22 cm. |
| 490 0# - SERIES STATEMENT |
| Series statement |
Sección de obras de economía |
| 500 ## - GENERAL NOTE |
| General note |
Incluye notas a pie de página. |
| 505 0# - FORMATTED CONTENTS NOTE |
| Title |
Aplicación de las estimaciones de renta nacional en el análisis y política del crecimiento económico / |
| Statement of responsibility |
Simon Kuznets |
| Title |
El tratamiento de las transacciones no monetarias en las cuentas nacionales / |
| Statement of responsibility |
Carleen O´Loughlin |
| Title |
Comparación de la estructura intersectorial de la producción de Argentina y Perú / |
| Statement of responsibility |
Manuel Balboa |
| Title |
La aplicabilidad del análisis de insumo-producto en América Latina / |
| Statement of responsibility |
Jorge Kingston y Gustaaf F. Loeb |
| Title |
El uso de los modelos en política de desarrollo económico / |
| Statement of responsibility |
Hollis B. Chenery y Arthu S. Goldberger |
| Title |
La experiencia en el uso de las cuentas nacionales de los Países Bajos / |
| Statement of responsibility |
C.A. Oomens |
| Title |
Experiencia canadiense con los usos de las estimaciones del ingreso y la riqueza nacionales / |
| Statement of responsibility |
D.H. Steinthorsen |
| Title |
Usos especiales de los datos de ingreso de Puerto Rico / |
| Statement of responsibility |
Everett Reimer |
| Title |
Conceptos y metodología de estimación del ahorro / |
| Statement of responsibility |
Frank Tamagna |
| Title |
Nota sobre problemas metodológicos del sector agrícola / |
| Statement of responsibility |
Edna Torres Ranck |
| Title |
Contabilidad económica nacional y contabilidad del sector público / |
| Statement of responsibility |
Richard y Nancy Ruggles |
| Title |
Algunas experiencias en la utilización de la técnica insumo-producto en los pronósticos económicos / |
| Statement of responsibility |
Martin H. Ekker |
| 650 14 - SUBJECT ADDED ENTRY--TOPICAL TERM |
| Topical term or geographic name entry element |
Rentas |
| 9 (RLIN) |
15330 |
| Geographic subdivision |
América Latina |
| 650 24 - SUBJECT ADDED ENTRY--TOPICAL TERM |
| Topical term or geographic name entry element |
Riqueza |
| Geographic subdivision |
América Latina |
| 9 (RLIN) |
37185 |
| 650 24 - SUBJECT ADDED ENTRY--TOPICAL TERM |
| Topical term or geographic name entry element |
Insumo-producto |
| Geographic subdivision |
América Latina |
| 9 (RLIN) |
37186 |
| 700 1# - ADDED ENTRY--PERSONAL NAME |
| Personal name |
Kuznets, Simon, |
| Relator term |
autor |
| 9 (RLIN) |
37187 |
| 700 1# - ADDED ENTRY--PERSONAL NAME |
| Personal name |
O'Loughlin, Carleen, |
| Relator term |
autor |
| 9 (RLIN) |
37188 |
| 700 1# - ADDED ENTRY--PERSONAL NAME |
| Personal name |
Steinthorsen, D. H., |
| Relator term |
autor |
| 9 (RLIN) |
37189 |
| 942 ## - ADDED ENTRY ELEMENTS (KOHA) |
| Source of classification or shelving scheme |
Dewey Decimal Classification |
| Koha item type |
Books |